000 01977cam a22004574i 4500
003 PE-LiUPU
005 20250731184552.0
008 150616s r 000 0 d
035 _a(Sirsi) a3443
040 _aPE-LiUPU
_bspa
_cPE-LiUPU
_erda
049 _aPRUA
082 0 4 _a985.04
_bC733d
_223
110 2 _aComisión Nacional del Sesquicentenario de la Independenia del Perú
245 0 0 _aDiscursos pronunciados en actuaciones cívicas conmemorativas :
_n1. Etapa Sanmartiniana /
_cComisión Nacional del Sesquicentenario de la Indepencia del Perú.
264 1 _aLima :
_bEditorial Jurídica,
_c1972.
300 _a624 páginas ;
_c24 centímetros.
336 _atext
_2rdacontent
337 _aunmediated
_2rdamedia
338 _avolume
_2rdacarrier
500 _a"Año de los censos nacionales".
505 0 _aCeremonia de instalación de la Comisión Nacional del Sesquicentenario de la Independencia del Perú realizada en el salón de sesiones de la municipalidad de Lima -- Ceremonia de instalación del comité de promoción económica -- Inauguración del monumento en Paracas -- Ceremonia en Ica, Nasca y Changuillo -- Ceremonia en conmemoración de la llegada del general San Martín a la Bahía de Ancón -- Ceremonia de conmemoración del 150 aniversario de la creación de la Junta Gubernativa.
526 _aP136
526 _aP135
526 _aP134
526 _aP133
526 _aP144
526 _aP143
526 _aP87
526 _aP35
526 _aP20
526 _aP14
526 _aP10
526 _aP06
651 1 8 _aPerú
_xHistoria
_yEmancipación, 1808-1824
_vAniversarios, etc.
651 2 8 _aPerú
_xHistoria
_yEmancipación, 1808-1824
_vEnsayos, conferencias, etc.
710 _aComisión Nacional del Sesquicentenario de la Independencia del Perú
_91028
910 _ajck
942 _2ddc
_cBK
999 _c42285
_d42285
980 _81
_gALBERTO SANCHEZ Responsable de Automatización